Statistics for Celebrities by Country - Inventors

Click here to take the quiz!

General Stats

  • This quiz has been taken 158 times
  • The average score is 8 of 10

Answer Stats

InventorCountry% Correct
Benjamin FranklinUnited States
97%
Leonardo da VinciItaly
93%
Gustave EiffelFrance
91%
Alexander BellUnited Kingdom
89%
Alfred NobelSweden
85%
Johannes GutenbergGermany
82%
Sergey BrinRussia
66%
Ernő RubikHungary
61%
Elijah McCoyCanada
59%
Nicola TeslaCroatia
49%

Score Distribution

Percentile by Number Answered

Percent of People with Each Score

Your Score History

You have not taken this quiz